000 00617nam a2200205 a 4500
005 20140310183416.0
008 070919s19uu xx 00 eng d
020 _a9789812532534
050 _aHF 5549
_b.D292 2007
100 _aDeCenzo, David A.
245 _aFundamentals of human resource management /
_cDavid Decenzo and Stephen Robbins.
250 _a9th ed.
260 _aQuezon City, Philippines :
_bC&E Publishing, Inc,
_c2007.
300 _a455 p. :
_bill. ;
_c24 cm.
521 _aBSBA
650 _aPersonnel management.
700 _aRobbins, Stephen P.
942 _cBK
_2lcc
_kFOR
999 _c22576
_d22576